FIFA World Cup winning captains - Statistics

General Stats
  • This quiz has been taken 193 times
  • The average score is 9 of 20
Answer Stats
Hint Answer % Correct
Spain Iker Casillas
88%
Germany Philipp Lahm
85%
Argentina Diego Maradona
82%
Brazil Cafu
73%
Italy Fabio Cannavaro
73%
West Germany Franz Beckenbauer
67%
France Didier Deschamps
61%
England Bobby Moore
53%
West Germany Lothar Matthaus
51%
Brazil Dunga
50%
Italy Dino Zoff
49%
Argentina Daniel Passarella
32%
Italy Guiseppe Meazza
24%
West Germany Fritz Walter
20%
Brazil Carlos Alberto Torres
15%
Brazil Mauro Ramos
15%
Uruguay Obdulio Varela
12%
Brazil Hilderaldo Bellini
11%
Italy Gianpiero Combi
9%
Uruguay Jose Nasazzi
9%
No matching quizzes found
Score Distribution
Percent of People with Each Score
Percentile by Number Answered
Your Score History
You have not taken this quiz